Datum a čas kvízu
37.5
Celkem bodů
Celkový počet nahraných bodů na tomto kvízu bez doplňovacích otázek.
1.
Pořadí na kvízu
Konečné umístění týmu na tomto kvízu.
Zaznamenané odpovědi
| # | Otázka | Odpověď | Body | Výsledky |
|---|---|---|---|---|
| 1. | Jak se jmenuje člen britské kr... | princ Edward | 1 | |
| 2. | Doplňte dvě slova názvu dokume... | obranné spolupráci | 0 | |
| 3. | Minulý týden přetřásala bulvár... | Tiffany Richbitch | 1 | |
| 4. | Na brněnském výstavišti proběh... | na zbraně a vojenskou techniku | 0 | |
| 5. | Reprezentanti které země napro... | Číny | 1 | |
| 6. | Podíváme se na různé suroviny... | 1A 2B 3D 4C | 1 | |
| 7. | Máte-li raději něco zdravějšíh... | C) pšenice | 1 | |
| 8. | Který produkt z ptáka jménem s... | D) hnízda | 0 | |
| 9. | Možná si pamatujete na scénu z... | C) hlíz manioku | 1 | |
| 10. | Koření zvané hřebíček není tře... | A) nerozvitá poupata | 1 |